Antecedentes del turismo : las primeras diligencias en España / [texto: I. Clopas Batlle] las primeras diligencias en España / [texto:
Publicado:
[Barcelona] :
Diputación Provincial de Barcelona, Servicio de Promoción de Turismo, Sección de Publicaciones, DL 1977
Descripción Física:
15 p. : il. ; 21 cm
Colección:
Antecedentes del turismo. Serie XVI-1 ; 7
Materias:
Diligències -- Espanya -- Història
MARC
| LEADER | 00000nam a2200000Ia 4500 | ||
|---|---|---|---|
| 001 | 14902 | ||
| 003 | BGR | ||
| 005 | 20260324175721.0 | ||
| 008 | 160829s9999 xx 000 0 cat d | ||
| 080 | |a FU-31-89 | ||
| 100 | 1 | |a Clopas i Batlle, Isidre, |d 1913-2001 |9 24339 | |
| 245 | |a Antecedentes del turismo : |b las primeras diligencias en España / [texto: |b I. Clopas Batlle] | ||
| 260 | |a [Barcelona] : |b Diputación Provincial de Barcelona, Servicio de Promoción de Turismo, Sección de Publicaciones, DL 1977 | ||
| 300 | |a 15 p. : |b il. ; |c 21 cm | ||
| 490 | |a Antecedentes del turismo. Serie XVI-1 ; 7 | ||
| 590 | |a Hi ha un duplicat: DUP-65-9 | ||
| 650 | |a Diligències |x Espanya |x Història |9 38934 | ||
| 710 | 1 | |a Barcelona (Catalunya : Província). |b Diputació |b Servei de Promoció del Turisme |9 52408 | |
| 901 | |a Arxiu | ||
| 942 | |n 1 |2 udc |c MON | ||
| 952 | |0 0 |1 0 |4 0 |6 FU3189 |7 1 |9 48697 |a Arxiu |b Arxiu |d 2016-12-01 |l 0 |o FU-31-89 |p 14902 |r 2016-12-01 00:00:00 |w 2016-12-01 |y ARXIU | ||
| 999 | |c 52527 |d 52527 | ||